Natural language processing with PyTorch (Record no. 8838)
[ view plain ]
| 000 -LEADER | |
|---|---|
| fixed length control field | 00679nam a22002297a 4500 |
| 001 - CONTROL NUMBER | |
| control field | WIIW0000165 |
| 003 - CONTROL NUMBER IDENTIFIER | |
| control field | OSt |
| 005 - DATE AND TIME OF LATEST TRANSACTION | |
| control field | 20190802143112.0 |
| 006 - FIXED-LENGTH DATA ELEMENTS--ADDITIONAL MATERIAL CHARACTERISTICS | |
| fixed length control field | a|||||q|||||00| 0 |
| 008 - FIXED-LENGTH DATA ELEMENTS--GENERAL INFORMATION | |
| fixed length control field | 190802t2019 |||||q|||||00| 0 eng d |
| 020 ## - INTERNATIONAL STANDARD BOOK NUMBER | |
| International Standard Book Number | 9781491978207 |
| 040 ## - CATALOGING SOURCE | |
| Transcribing agency | OSt |
| 041 ## - LANGUAGE CODE | |
| Language code of text/sound track or separate title | eng |
| 100 1# - MAIN ENTRY--PERSONAL NAME | |
| Personal name | Rao, Delip |
| Relator code | aut |
| 245 10 - TITLE STATEMENT | |
| Title | Natural language processing with PyTorch |
| Remainder of title | Build intelligent language applications using deep learning |
| 250 ## - EDITION STATEMENT | |
| Edition statement | First edition |
| 260 1# - PUBLICATION, DISTRIBUTION, ETC. | |
| Place of publication, distribution, etc. | Beijing |
| -- | Boston |
| -- | Farnham |
| -- | Sebastopol |
| -- | Tokyo |
| Name of publisher, distributor, etc. | O'Reilly |
| Date of publication, distribution, etc. | February 2019 |
| 300 ## - PHYSICAL DESCRIPTION | |
| Extent | XIII, 238 S. |
| Other physical details | Ill. |
| 650 ## - SUBJECT ADDED ENTRY--TOPICAL TERM | |
| Topical term or geographic name entry element | Data Analyses & Machine Learning |
| 700 1# - ADDED ENTRY--PERSONAL NAME | |
| Personal name | McMahan, Brian |
| Relator code | aut |
| 942 ## - ADDED ENTRY ELEMENTS (KOHA) | |
| Koha item type | E-Book |
| Withdrawn status | Lost status | Damaged status | Not for loan | Home library | Current library | Shelving location | Date acquired | Total Checkouts | Date last seen | Price effective from | Koha item type |
|---|---|---|---|---|---|---|---|---|---|---|---|
| WIIW | WIIW | Electronic Resources | 08/02/2019 | 08/02/2019 | 08/02/2019 | E-Book |
